बोये हुए दर्द / (Record no. 38541)

MARC details
000 -LEADER
fixed length control field 01074nam a22002297a 4500
005 - DATE AND TIME OF LATEST TRANSACTION
control field 20100802112244.0
010 ## - LCCN (DPL NO)
LC control number HIN-89929
020 ## - INTERNATIONAL STANDARD BOOK NUMBER
International Standard Book Number 8187465816
Terms of availability 140.00
035 ## - SYSTEM CONTROL NUMBER
System control number HN-62275
037 ## - SOURCE OF ACQUISITION
Source of stock number/acquisition DBAD/PUB
082 ## - DEWEY DECIMAL CLASSIFICATION NUMBER
Classification number
100 ## - MAIN ENTRY--PERSONAL NAME
Personal name शर्मा, लक्ष्मी
245 ## - TITLE STATEMENT
Title बोये हुए दर्द /
Statement of responsibility, etc लक्ष्मी शर्मा
246 ## - VARYING FORM OF TITLE
Title proper/short title Boye Hue Dard
Remainder of title by Lakshmi Sharma
260 ## - PUBLICATION, DISTRIBUTION, ETC. (IMPRINT)
Place of publication, distribution, etc जयपुर
Name of publisher, distributor, etc विवेक पब्लिशिंग हाउस
Date of publication, distribution, etc 2009
270 ## - ADDRESS
Address धामाणी मा्र्केट, चौड़ रास्ता
City जयपुर
Telephone number 91-141-2314214, 4024214, मो.-9828340698,9983324214
300 ## - PHYSICAL DESCRIPTION
Extent 132पृ.
Dimensions 22सेमी. (सजिल्द)
650 ## - SUBJECT ADDED ENTRY--TOPICAL TERM
Topical term or geographic name as entry element लघु कथाएँ, हिन्दी
650 ## - SUBJECT ADDED ENTRY--TOPICAL TERM
Topical term or geographic name as entry element Short Stories, Hindi
942 ## - ADDED ENTRY ELEMENTS (KOHA)
Source of classification or shelving scheme Dewey Decimal Classification
Item type Hindi Books
Classification part
Call number suffix शर्माल
Holdings
Withdrawn status Lost status Not for loan Collection code Home library Current library Date acquired Source of acquisition Cost, normal purchase price Full call number Barcode Copy number Cost, replacement price Koha item type
    Not For Loan Fiction D.B.Act.Division D.B.Act.Division 02/08/2010 DBAD / PUB 140.00 क शर्माल HN-62275 1 140.00 Hindi Books

© Delhi Public Library
Hit Counter
free hit counter